The Industrial Dispute Act Wite Rules (Record no. 681225)

MARC details
000 -LEADER
fixed length control field 00308nam a2200121Ia 4500
008 - FIXED-LENGTH DATA ELEMENTS--GENERAL INFORMATION
fixed length control field 230627s9999 xx 000 0 und d
041 ## - LANGUAGE CODE
Language code of text/sound track or separate title eng
082 ## - DEWEY DECIMAL CLASSIFICATION NUMBER
Classification number 341.05
Item number JOS
100 ## - MAIN ENTRY--PERSONAL NAME
Personal name Joshi.K.C
245 ## - TITLE STATEMENT
Title The Industrial Dispute Act Wite Rules
260 ## - PUBLICATION, DISTRIBUTION, ETC.
Name of publisher, distributor, etc. Bharat Law House Pvt. Ltd.
Date of publication, distribution, etc. 1979
300 ## - PHYSICAL DESCRIPTION
Extent 101p
Holdings
Withdrawn status Lost status Damaged status Not for loan Collection Home library Current library Date acquired Cost, normal purchase price Total Checkouts Full call number Barcode Date last seen Price effective from Koha item type
Withdrawn       NLP LL.B New Law College, Pune New Law College, Pune 31/03/1980 8.00   341.05 JOS NLP-N00357 17/07/2023 17/07/2023 Book